Asian food processing industries

This book introdce reports on APO regional survey, other symposium papers. Country reports on the status of the food processing industry in Asia.

Uloženo v:
Podrobná bibliografie
Médium: Kniha
Jazyk:Undetermined
Vydáno: Tokyo Asian Productivity Organization 1978
Témata:
Tagy: Přidat tag
Žádné tagy, Buďte první, kdo otaguje tento záznam!
Thư viện lưu trữ: Trung tâm Học liệu Trường Đại học Cần Thơ
LEADER 00687nam a2200181Ia 4500
001 CTU_228755
008 210402s9999 xx 000 0 und d
082 |a 338.47664 
082 |b A832 
245 0 |a Asian food processing industries 
260 |a Tokyo 
260 |b Asian Productivity Organization 
260 |c 1978 
520 |a This book introdce reports on APO regional survey, other symposium papers. Country reports on the status of the food processing industry in Asia. 
650 |a Công nghiệp thực phẩm và thương mại,Food industry and trade 
650 |z Châu Á,Asia 
910 |b dqhieu 
980 |a Trung tâm Học liệu Trường Đại học Cần Thơ